| 000 | 00475nam a2200193Ia 4500 | ||
|---|---|---|---|
| 008 | 170918s9999 xx 000 0 und d | ||
| 020 | _a9780440846802 | ||
| 050 | _bB845 1985 | ||
| 100 | _aBrett, Jan | ||
| 245 | _aAnnie and the wild animals / | ||
| 245 | _cwritten and illustrated by Jan Brett. | ||
| 260 | _aNew York : | ||
| 260 | _bScholastic, | ||
| 260 | _c1985 | ||
| 300 | _aunpaged : | ||
| 300 | _bcolored illustration ; | ||
| 300 | _c24cm. | ||
| 500 | _a490 | ||
| 999 |
_c342941 _d342941 |
||